000 00525nam a2200133Ia 4500
008 181023s9999 xx 000 0 und d
020 _a9781119282716
100 _aWexler, Steve.
245 _cSteve Wexler, Jeffrey Shaffer, Andy Cotgreave.--
_aThe Big book of dashboards :
_bvisualizing your data using real-world business scenarios /
260 _aUSA :
_bJohn Wiley & Sons
_c2017
300 _axv, 431 pages.
650 _aDashboards (management information system).
650 _aOrganizational effectiveness -- evaluation.
999 _c359396
_d359396